000 nam a22 7a 4500
999 _c173151
_d173151
003 Nust
005 20170119121422.0
008 170119b xxu||||| |||| 00| 0 eng d
020 _a9789381421611
040 _c0
082 _a808.06607
100 _4Pawan Kumar Saxena
245 _aArt of news writing
_cPawan Kumar Saxena
260 _aNew Delhi
_bRandom publications
_c2012
300 _a272p
942 _2ddc
_cBK